[Event "51smm B Steinegg-Bruneck"]
[Site "?"]
[Date "2020.01.25"]
[Round "6.4"]
[White "Lantschner, Carmen"]
[Black "Oberhammer, Guenther"]
[Result "1-0"]
[WhiteElo "1669"]
[BlackElo "1521"]
[PlyCount "79"]
[EventDate "2020.01.25"]

1. e4 c5 2. Nf3 Nc6 3. d4 cxd4 4. Nxd4 Qb6 5. Nf3 e6 6. Nc3 Bc5 7. Qd2 Nge7 8.
Na4 Qb4 9. Nxc5 Qxc5 10. a3 d5 11. exd5 Qxd5 12. Qc3 f6 13. Be3 O-O 14. Rd1 Qh5
15. Be2 Nd5 16. Qc5 Qf7 17. Bd2 Bd7 18. O-O b6 19. Qc4 Rac8 20. Qh4 Nce7 21.
Bd3 Nf5 22. Qh3 g6 23. c4 Nde7 24. Bb4 Ba4 25. Rd2 Rfd8 26. Qg4 h5 27. Qf4 g5
28. Nxg5 fxg5 29. Qxg5+ Qg6 30. Bxe7 Qxg5 31. Bxg5 Rd7 32. Rc1 Nd4 33. Rc3 Rg7
34. h4 e5 35. Be4 Bb3 36. Bd5+ Kh7 37. Bf6 Rgc7 38. Bxe5 Nb5 39. Rxb3 Nd4 40.
Rxd4 1-0

[Event "51smm B Steinegg-Bruneck"]
[Site "?"]
[Date "2020.01.25"]
[Round "6.5"]
[White "Peintner, Markus"]
[Black "Lantschner, Daniel"]
[Result "1/2-1/2"]
[WhiteElo "1504"]
[BlackElo "1010"]
[PlyCount "53"]
[EventDate "2020.01.25"]

1. c4 e5 2. Nc3 Nc6 3. e3 Bc5 4. Nge2 Nf6 5. d4 exd4 6. exd4 Be7 7. d5 Ne5 8.
Ng3 O-O 9. Be2 Bc5 10. O-O a6 11. Bg5 h6 12. Bxf6 Qxf6 13. Nge4 Qe7 14. Nxc5
Qxc5 15. b3 d6 16. Qc2 Bg4 17. Bxg4 Nxg4 18. Qf5 Ne3 19. fxe3 Qxe3+ 20. Kh1
Qxc3 21. Rae1 g6 22. Qf4 Qg7 23. Re7 Rac8 24. h3 b6 25. b4 a5 26. b5 g5 27. Qf3
1/2-1/2

[Event "51smm A Arci-Deutschnofen"]
[Site "?"]
[Date "2020.02.08"]
[Round "7.1"]
[White "Dappiano, Andrea"]
[Black "Olivetti, Davide"]
[Result "1-0"]
[WhiteElo "2272"]
[BlackElo "2054"]
[PlyCount "101"]
[EventDate "2020.02.08"]

1. e4 g6 2. d4 Bg7 3. Nc3 d6 4. Be3 a6 5. Qd2 b5 6. Bd3 Bb7 7. Nge2 Nd7 8. a4
Ngf6 9. f3 c5 10. axb5 axb5 11. Rxa8 Qxa8 12. Bxb5 Qa1+ 13. Nd1 O-O 14. O-O Rb8
15. b3 Ba6 16. Ndc3 Qa3 17. Bxa6 Qxa6 18. dxc5 Nxc5 19. e5 Nfd7 20. exd6 exd6
21. Rd1 Re8 22. Bd4 Ne5 23. Ng3 Qa7 24. Kh1 h5 25. b4 h4 26. Nf1 h3 27. bxc5
dxc5 28. Bxe5 Rxe5 29. Ne4 Qa2 30. Qd8+ Kh7 31. Ng5+ Kh6 32. Nxh3 Qxc2 33. Ne3
Qxd1+ 34. Qxd1 Rxe3 35. Ng1 Kh7 36. h4 Ra3 37. Qc2 Rc3 38. Qa2 f5 39. Ne2 Rd3
40. Qc2 Re3 41. h5 Be5 42. hxg6+ Kxg6 43. Kg1 Kf6 44. Kf2 Ra3 45. Qxc5 Ra1 46.
f4 Bxf4 47. Nxf4 Rh1 48. Qd6+ Kg5 49. Nh3+ Kh5 50. Qf6 Rd1 51. Qg5# 1-0

[Event "51smm A Arci-Deutschnofen"]
[Site "?"]
[Date "2020.02.08"]
[Round "7.2"]
[White "Perino, Alberto"]
[Black "Zamengo, Fulvio"]
[Result "0-1"]
[WhiteElo "1858"]
[BlackElo "2303"]
[PlyCount "50"]
[EventDate "2020.02.08"]

1. e4 e6 2. d4 d5 3. exd5 exd5 4. Nc3 Nf6 5. Bg5 Be7 6. Qd2 Nbd7 7. O-O-O c6 8.
f3 b5 9. Re1 O-O 10. Bd3 Nb6 11. Nge2 b4 12. Nd1 Nc4 13. Bxc4 dxc4 14. c3 Qa5
15. cxb4 Qxa2 16. Nec3 Qa1+ 17. Kc2 Bf5+ 18. Ne4 Qa4+ 19. Kc1 Bxb4 20. Ndc3
Bxc3 21. bxc3 Rab8 22. Qc2 Qa3+ 23. Kd1 Nxe4 24. Bc1 Nxc3+ 25. Kd2 Nb1+ 0-1

[Event "51smm A Arci-Deutschnofen"]
[Site "?"]
[Date "2020.02.08"]
[Round "7.3"]
[White "Micheli, Carlo"]
[Black "De Nisi, Roberta"]
[Result "1-0"]
[WhiteElo "2236"]
[BlackElo "1781"]
[PlyCount "85"]
[EventDate "2020.02.08"]

1. c4 f5 2. Nc3 Nf6 3. g3 e5 4. Bg2 c6 5. d3 d6 6. e4 Na6 7. Nge2 Be7 8. O-O
O-O 9. h3 h5 10. Be3 Be6 11. f4 Qd7 12. Kh2 Nh7 13. exf5 Bxf5 14. Ne4 d5 15.
cxd5 cxd5 16. Nf2 d4 17. Bd2 Nc5 18. fxe5 g5 19. b4 Na4 20. Ne4 Kg7 21. g4 hxg4
22. N2g3 Bg6 23. Qxg4 Qxg4 24. hxg4 Nb2 25. Nf5+ Bxf5 26. gxf5 Nxd3 27. f6+
Nxf6 28. exf6+ Bxf6 29. Nxf6 Rxf6 30. Rxf6 Kxf6 31. Rf1+ Ke5 32. b5 Rh8+ 33.
Kg3 Rh7 34. Bxg5 Rg7 35. Kh4 Rh7+ 36. Kg4 Rg7 37. Kh5 Kd6 38. Rf5 Ne5 39. Kh6
Rc7 40. Bf4 Re7 41. Kg5 Ke6 42. Bh3 Rc7 43. Rf8+ 1-0

[Event "51smm A Arci-Deutschnofen"]
[Site "?"]
[Date "2020.02.08"]
[Round "7.4"]
[White "Keim, Simon"]
[Black "Gallana, Marco"]
[Result "0-1"]
[WhiteElo "1668"]
[BlackElo "2192"]
[PlyCount "76"]
[EventDate "2020.02.08"]

1. e4 c5 2. Nc3 d6 3. g3 g6 4. Bg2 Bg7 5. d3 Nc6 6. Be3 e6 7. Qd2 a6 8. Nge2
Nd4 9. Nd1 h5 10. h4 e5 11. c3 Nxe2 12. Kxe2 Be6 13. c4 b5 14. Rc1 Ne7 15. b4
cxb4 16. cxb5 axb5 17. Qxb4 Rxa2+ 18. Bd2 Bh6 19. Ne3 O-O 20. Qxb5 f5 21. Bh3
Kh8 22. Rb1 Bg8 23. Rb2 Nc6 24. Bc3 Rxb2+ 25. Qxb2 f4 26. Nd1 Qf6 27. gxf4 Qxf4
28. Bg2 Qg4+ 29. Ke1 Qxg2 30. Rf1 Be6 31. f4 Qg3+ 32. Rf2 Bxf4 33. Qe2 Bg4 34.
Qf1 Nd4 35. Bxd4 exd4 36. e5 Be3 37. e6 Bxf2+ 38. Nxf2 Qe3+ 0-1

[Event "51smm A Arci-Deutschnofen"]
[Site "?"]
[Date "2020.02.08"]
[Round "7.5"]
[White "Tonina, Filippo"]
[Black "Rinaldo, Gaetano"]
[Result "1-0"]
[WhiteElo "1965"]
[BlackElo "1714"]
[PlyCount "79"]
[EventDate "2020.02.08"]

1. d4 Nf6 2. c4 c5 3. d5 e6 4. Nc3 d6 5. e4 exd5 6. cxd5 g6 7. Bd3 Bg7 8. Nge2
O-O 9. O-O a6 10. a4 Nbd7 11. Ng3 Ne5 12. Be2 Bd7 13. f4 Neg4 14. h3 Nh6 15.
Be3 Ne8 16. Qd2 Kh8 17. Rf3 Ng8 18. f5 Nc7 19. Raf1 Qe7 20. Bd3 b5 21. axb5
axb5 22. f6 Bxf6 23. Rxf6 Nxf6 24. Bg5 Nce8 25. Qf4 Kg7 26. Bh6+ Kg8 27. Bxf8
Kxf8 28. Bxb5 Rb8 29. Bxd7 Nxd7 30. Rf2 Ne5 31. Qh6+ Kg8 32. Nd1 Rb3 33. Kh2
Nd3 34. Rf3 c4 35. e5 Nxe5 36. Rxb3 cxb3 37. Qe3 Qb7 38. Qd4 Nc7 39. Ne4 Qxd5
40. Nf6+ 1-0

[Event "51smm A Arci-Deutschnofen"]
[Site "?"]
[Date "2020.02.08"]
[Round "7.6"]
[White "Feichter, Matthias"]
[Black "Hofer, Alois"]
[Result "1-0"]
[WhiteElo "1498"]
[BlackElo "1679"]
[PlyCount "71"]
[EventDate "2020.02.08"]

1. e4 e5 2. Nf3 d6 3. d4 exd4 4. Nxd4 Nf6 5. Nc3 Be7 6. Bf4 Bd7 7. Qd2 Nc6 8.
O-O-O O-O 9. f3 a6 10. g4 b5 11. h4 Ne5 12. h5 b4 13. Nd5 Nxd5 14. exd5 a5 15.
Kb1 Rc8 16. Rg1 c5 17. dxc6 Bxc6 18. Nxc6 Rxc6 19. Bxe5 dxe5 20. Bd3 Bg5 21.
Qe2 Qc7 22. Qe4 Rh6 23. Qf5 Qe7 24. Rge1 Bf6 25. Rg1 Bg5 26. Rde1 f6 27. f4 Bh4
28. Re2 Qa7 29. Bc4+ Kh8 30. Rf1 exf4 31. Qxf4 Qc5 32. Re5 Qd6 33. Re8 Qc5 34.
Rxf8+ Qxf8 35. Be2 Bg5 36. Qxg5 1-0

[Event "51smm A Ehrenburg-Brixen/Milland"]
[Site "?"]
[Date "2020.02.08"]
[Round "7.1"]
[White "Sader, Michael"]
[Black "Hengl, Christian"]
[Result "1/2-1/2"]
[WhiteElo "2128"]
[BlackElo "2156"]
[PlyCount "48"]
[EventDate "2020.02.08"]

1. c4 e5 2. Nc3 Nc6 3. g3 g6 4. Bg2 Bg7 5. Rb1 d6 6. b4 f5 7. b5 Nce7 8. e3 Nf6
9. Nge2 O-O 10. f4 e4 11. d3 Be6 12. dxe4 Nxe4 13. Nxe4 fxe4 14. Bb2 Bxb2 15.
Rxb2 Bxc4 16. Bxe4 d5 17. Bd3 Nf5 18. Bxf5 Rxf5 19. Kf2 Bxe2 20. Qxe2 Qd6 21.
Rc1 Re8 22. Qd3 Rf7 23. Rd2 Qb6 24. Rc3 c6 1/2-1/2

[Event "51smm A Ehrenburg-Brixen/Milland"]
[Site "?"]
[Date "2020.02.08"]
[Round "7.2"]
[White "Jedinger, Andreas"]
[Black "Kofler, Thomas"]
[Result "1/2-1/2"]
[WhiteElo "2099"]
[BlackElo "1972"]
[PlyCount "86"]
[EventDate "2020.02.08"]

1. e4 e5 2. Nf3 Nc6 3. Bb5 a6 4. Ba4 Nf6 5. O-O b5 6. Bb3 Bc5 7. a4 Bb7 8. d3
O-O 9. Nc3 b4 10. Nd5 h6 11. a5 d6 12. Bd2 Nxd5 13. Bxd5 Rb8 14. c3 bxc3 15.
bxc3 Ne7 16. Bxb7 Rxb7 17. d4 exd4 18. cxd4 Ba7 19. Qa4 Qe8 20. Rfc1 c5 21.
dxc5 Bxc5 22. e5 Qxa4 23. Rxa4 Rfb8 24. exd6 Bxd6 25. Kf1 Rb1 26. Rac4 Rxc1+
27. Rxc1 Rb5 28. Ke2 Kf8 29. Rc4 Ke8 30. Kd3 Kd7 31. Nd4 Rd5 32. Ke2 g5 33. h3
h5 34. g4 hxg4 35. hxg4 f6 36. f3 Bc5 37. Nb3 Bg1 38. f4 gxf4 39. Bxf4 Nc6 40.
Rc1 Ba7 41. Rd1 Ke6 42. Rxd5 Kxd5 43. Kd3 Bf2 1/2-1/2

[Event "51smm A Ehrenburg-Brixen/Milland"]
[Site "?"]
[Date "2020.02.08"]
[Round "7.3"]
[White "Wisthaler, Lukas"]
[Black "Kranebitter, Gerhard"]
[Result "1-0"]
[WhiteElo "1861"]
[BlackElo "2058"]
[PlyCount "77"]
[EventDate "2020.02.08"]

1. e4 e6 2. c4 d6 3. Nc3 g6 4. d4 Bg7 5. Nf3 Ne7 6. Be2 O-O 7. O-O c6 8. Bg5 f6
9. Be3 Qc7 10. Qd2 Re8 11. Rfd1 Nd7 12. Rac1 Nf8 13. Bf4 e5 14. Be3 Bg4 15. h3
Bxf3 16. Bxf3 Red8 17. Qc2 h6 18. Bg4 h5 19. Be2 Kh7 20. f4 Bh6 21. Qd2 exd4
22. Qxd4 f5 23. Qd2 Ne6 24. Bd3 Qa5 25. Qf2 Bg7 26. a3 Rf8 27. Bb1 fxe4 28.
Rxd6 Nd8 29. Nxe4 Nf5 30. Ng5+ Kh6 31. Bxf5 Qxf5 32. Rcd1 Nf7 33. Rd7 Nxg5 34.
fxg5+ Kh7 35. Qxf5 Rxf5 36. Bd4 Rg8 37. Re1 Kh8 38. Rxg7 Rxg7 39. Re7 1-0

[Event "51smm A Ehrenburg-Brixen/Milland"]
[Site "?"]
[Date "2020.02.08"]
[Round "7.4"]
[White "Babinetz, Rainer"]
[Black "Hellweg, Stephan"]
[Result "0-1"]
[WhiteElo "1940"]
[BlackElo "1770"]
[PlyCount "88"]
[EventDate "2020.02.08"]

1. d4 c5 2. d5 d6 3. c4 g6 4. e4 Bg7 5. f4 Nd7 6. Nc3 a6 7. Nf3 Qc7 8. Be2 Ngf6
9. O-O O-O 10. Kh1 Nb6 11. Be3 Ng4 12. Bg1 Bd7 13. h3 Nf6 14. e5 Nh5 15. Bh2
Bh6 16. Nd2 Ng7 17. g4 Ne8 18. Nf3 Bg7 19. Rc1 Rd8 20. Qe1 Bc8 21. Bd3 Nd7 22.
e6 Ndf6 23. Ng5 fxe6 24. dxe6 b6 25. Qh4 Bb7+ 26. Nd5 Bxd5+ 27. cxd5 Qb7 28.
Be2 Qxd5+ 29. Bf3 Qd4 30. Rcd1 Qb4 31. a3 Qc4 32. Bd5 Qe2 33. b3 b5 34. Rfe1
Qc2 35. Rc1 Qd2 36. Red1 Qe2 37. Bf3 Qe3 38. Bd5 h6 39. Nf7 Nxd5 40. Nxd8 Qf3+
41. Kg1 Ne3 42. Rd2 Bd4 43. Bg3 Nf5+ 44. Rxd4 Nxh4 0-1

[Event "51smm A Ehrenburg-Brixen/Milland"]
[Site "?"]
[Date "2020.02.08"]
[Round "7.5"]
[White "Kofler, Oswald"]
[Black "Gruber, Alexander"]
[Result "1/2-1/2"]
[WhiteElo "1807"]
[BlackElo "1828"]
[PlyCount "124"]
[EventDate "2020.02.08"]

1. d4 e6 2. c4 d5 3. Nc3 Nf6 4. Nf3 b6 5. Bg5 Be7 6. e3 O-O 7. Bd3 dxc4 8. Bxc4
Bb7 9. O-O Nbd7 10. Rc1 h6 11. Bh4 Ne4 12. Bxe7 Qxe7 13. Nxe4 Bxe4 14. Bb5 Nb8
15. Nd2 Bb7 16. Bd3 Rc8 17. Bb1 Nd7 18. Ne4 f5 19. Ng3 Nf6 20. Rc3 c5 21. dxc5
Rxc5 22. Rxc5 Qxc5 23. Qd2 Rc8 24. Rd1 Qd5 25. Qxd5 Bxd5 26. Ne2 Kf7 27. f3 Rc7
28. Kf2 g5 29. Nc3 Rd7 30. Bc2 Bc6 31. Bd3 Ke7 32. Ke2 Nd5 33. Nxd5+ Bxd5 34.
b3 Rc7 35. Bxf5 Bxb3 36. axb3 exf5 37. Ra1 a5 38. Kd2 Ke6 39. Ra4 Rc5 40. h4
Ke5 41. hxg5 hxg5 42. g4 Kf6 43. Rd4 Ke5 44. gxf5 Kxf5 45. Kd3 Rb5 46. Kc3 Re5
47. e4+ Ke6 48. Rd8 Rc5+ 49. Kd4 Rb5 50. Kc4 Rc5+ 51. Kd3 Rb5 52. Kc3 Rc5+ 53.
Kb2 Ke5 54. Rg8 Kf4 55. Rf8+ Ke5 56. Rf5+ Kd4 57. Rf6 Rb5 58. Ka2 g4 59. fxg4
Kxe4 60. g5 Rxg5 61. Rxb6 Kd4 62. Rc6 Rc5 1/2-1/2

[Event "51smm A Ehrenburg-Brixen/Milland"]
[Site "?"]
[Date "2020.02.08"]
[Round "7.6"]
[White "Mairhofer, Lino"]
[Black "Perez, Christian"]
[Result "1-0"]
[WhiteElo "1723"]
[BlackElo "1397"]
[PlyCount "79"]
[EventDate "2020.02.08"]

1. e4 e5 2. f4 Nc6 3. Nf3 d6 4. Bc4 Be7 5. O-O Be6 6. Bxe6 fxe6 7. fxe5 dxe5 8.
d3 h6 9. Be3 Nf6 10. Nbd2 Ng4 11. Qe2 Nxe3 12. Qxe3 O-O 13. c3 b6 14. Qe2 Qd7
15. Nc4 Bc5+ 16. Kh1 Bd6 17. b4 b5 18. Ne3 Ne7 19. a3 Ng6 20. g3 Qc6 21. Rac1
Qb6 22. d4 c6 23. Qa2 Rae8 24. Qd2 Qb7 25. Qd3 Rd8 26. Qc2 exd4 27. cxd4 e5 28.
d5 Ne7 29. Nh4 g6 30. Qc3 Rde8 31. Ng4 Kh7 32. Nf6+ Rxf6 33. Rxf6 g5 34. Nf5
Nxf5 35. Rxf5 Qc8 36. Rcf1 Re7 37. Qf3 Qd7 38. Qh5 Kg7 39. Rf6 c5 40. Qxh6+ 1-0

[Event "51smm A Groeden-Kaltern/Tramin"]
[Site "?"]
[Date "2020.02.08"]
[Round "7.1"]
[White "Barp, Alberto"]
[Black "Moroder, Stephan"]
[Result "1-0"]
[WhiteElo "2404"]
[BlackElo "2143"]
[PlyCount "53"]
[EventDate "2020.02.08"]

1. e4 c5 2. Nf3 Nc6 3. Bb5 g6 4. Bxc6 dxc6 5. d3 Bg7 6. h3 Nf6 7. Nc3 Nd7 8.
O-O e5 9. Be3 b6 10. Nh2 Nf8 11. Qd2 h6 12. f4 exf4 13. Bxf4 g5 14. Bg3 Ng6 15.
Rac1 Be6 16. Nf3 Qd7 17. e5 O-O-O 18. Ne4 Kb7 19. a4 a5 20. d4 c4 21. Nd6+ Ka7
22. b4 cxb3 23. c4 Ne7 24. Bf2 g4 25. d5 c5 26. dxe6 Qxe6 27. hxg4 1-0

[Event "51smm A Groeden-Kaltern/Tramin"]
[Site "?"]
[Date "2020.02.08"]
[Round "7.2"]
[White "Demetz, Rainer"]
[Black "Paltrinieri, Nicholas"]
[Result "0-1"]
[WhiteElo "2170"]
[BlackElo "2263"]
[PlyCount "82"]
[EventDate "2020.02.08"]

1. Nf3 f5 2. c4 Nf6 3. g3 d6 4. d4 e6 5. Bg2 Be7 6. O-O O-O 7. Nc3 Ne4 8. Qc2
Nxc3 9. bxc3 Nc6 10. a4 e5 11. a5 a6 12. Qb3 Kh8 13. c5 e4 14. Ne1 dxc5 15. d5
Ne5 16. c4 Bf6 17. Rb1 c6 18. f4 Nf7 19. Bd2 cxd5 20. cxd5 Bd7 21. Nc2 Bb5 22.
Rfe1 c4 23. Qa3 Qxd5 24. Be3 Rfd8 25. Bb6 Rd7 26. Ne3 Qe6 27. Bh3 Nh6 28. Red1
c3 29. Rxd7 Bxd7 30. Rd1 Rc8 31. Kf2 Qf7 32. Qd6 Ba4 33. Rc1 Qh5 34. Bg2 Bb5
35. Rc2 Qxh2 36. Rc1 Qh5 37. Rc2 Ng4+ 38. Nxg4 Qxg4 39. Qd5 h5 40. Be3 Rd8 41.
Qe6 h4 0-1

[Event "51smm A Groeden-Kaltern/Tramin"]
[Site "?"]
[Date "2020.02.08"]
[Round "7.3"]
[White "Bertagnolli, Alexander"]
[Black "Bernardi, Ruben"]
[Result "1-0"]
[WhiteElo "2346"]
[BlackElo "2101"]
[PlyCount "95"]
[EventDate "2020.02.08"]

1. e4 e6 2. d4 d5 3. exd5 exd5 4. Bd3 Bd6 5. Qf3 Nc6 6. c3 Be6 7. Ne2 Qf6 8.
Bf4 O-O-O 9. Nd2 Bxf4 10. Nxf4 Bf5 11. O-O-O Bxd3 12. Nxd3 Qxf3 13. Nxf3 f6 14.
Rde1 Nh6 15. Nf4 Rd7 16. Re2 Nd8 17. Rhe1 c6 18. Nh5 Rf8 19. Re8 Rff7 20. Nh4
g6 21. Ng3 Kc7 22. f4 Rg7 23. Nf3 Ng8 24. Kd2 Ne7 25. Rf8 Rd6 26. f5 Kd7 27.
Ne5+ Kc7 28. Ng4 Nxf5 29. Nxf6 Rxf6 30. Rxf6 Nxg3 31. hxg3 Kd7 32. b3 Nf7 33.
Kd3 Nd6 34. Re5 b5 35. g4 Ne4 36. Rf3 Nd6 37. Rf8 Kc7 38. g5 Rd7 39. Rf6 Nf7
40. Ree6 Nd8 41. Re8 Nf7 42. Rfe6 Nxg5 43. R6e7 a6 44. Rxd7+ Kxd7 45. Ra8 h5
46. Rxa6 h4 47. Ra7+ Ke6 48. a4 1-0

[Event "51smm A Groeden-Kaltern/Tramin"]
[Site "?"]
[Date "2020.02.08"]
[Round "7.4"]
[White "Moroder, Thomas"]
[Black "Zucchelli, Massimo"]
[Result "1/2-1/2"]
[WhiteElo "1984"]
[BlackElo "2150"]
[PlyCount "67"]
[EventDate "2020.02.08"]

1. e4 e6 2. d4 d5 3. e5 c5 4. c3 Nc6 5. Nf3 Bd7 6. Bd3 Rc8 7. O-O cxd4 8. cxd4
Nb4 9. Nc3 Nxd3 10. Qxd3 Ne7 11. Ng5 Nf5 12. g4 Nh6 13. h3 g6 14. Bd2 a6 15.
Rac1 Bg7 16. b3 O-O 17. Nf3 Kh8 18. Bg5 Qa5 19. Be7 Rfe8 20. Bd6 Kg8 21. Qe3
Rc6 22. b4 Qd8 23. a4 f5 24. exf6 Bxf6 25. Be5 Nf7 26. Bxf6 Qxf6 27. b5 Rcc8
28. Rfe1 Qd8 29. Re2 axb5 30. axb5 Qa5 31. Ra2 Qb4 32. Ra4 Qb2 33. Ra7 Rc7 34.
Ra2 1/2-1/2

[Event "51smm A Groeden-Kaltern/Tramin"]
[Site "?"]
[Date "2020.02.08"]
[Round "7.5"]
[White "Comai, Samuele"]
[Black "Grossi, Christian"]
[Result "1-0"]
[WhiteElo "1897"]
[BlackElo "1858"]
[PlyCount "65"]
[EventDate "2020.02.08"]

1. d4 d5 2. c4 e6 3. Nc3 Nf6 4. cxd5 exd5 5. Bg5 Be7 6. e3 O-O 7. Bd3 h6 8. Bh4
Be6 9. Nge2 Nbd7 10. O-O c5 11. Nf4 c4 12. Nxe6 fxe6 13. Bg6 b5 14. a3 b4 15.
axb4 Bxb4 16. e4 Bxc3 17. bxc3 dxe4 18. Bxe4 Rb8 19. Bc2 Qb6 20. Qe2 Nd5 21.
Qxc4 Rbc8 22. Qd3 N7f6 23. Bxf6 Rxf6 24. Rfb1 Qc7 25. c4 Qxc4 26. Qh7+ Kf7 27.
Rxa7+ Ne7 28. Rbb7 Re8 29. Qd3 Qxd3 30. Bxd3 Kf8 31. Bb5 Nc8 32. Bxe8 Nxa7 33.
Bd7 1-0

[Event "51smm A Groeden-Kaltern/Tramin"]
[Site "?"]
[Date "2020.02.08"]
[Round "7.6"]
[White "Casadio, Lorenzo"]
[Black "Bertagnolli, Gerhard"]
[Result "1/2-1/2"]
[WhiteElo "1771"]
[BlackElo "1872"]
[PlyCount "49"]
[EventDate "2020.02.08"]

1. Nf3 Nf6 2. c4 b6 3. g3 Bb7 4. d4 e6 5. Bg2 Be7 6. O-O O-O 7. Nc3 d6 8. Bg5
Ne4 9. Nxe4 Bxe4 10. Qd2 Bxg5 11. Nxg5 Bxg2 12. Kxg2 h6 13. Nf3 Nd7 14. Rfd1
Qe7 15. Rac1 Rad8 16. Qc2 a5 17. a3 Ra8 18. b3 Rfe8 19. e4 e5 20. d5 Rf8 21.
Rb1 g6 22. Nh4 Qg5 23. Nf3 Qe7 24. Nh4 Qg5 25. Nf3 1/2-1/2

[Event "51smm A Klausen Naturns2"]
[Site "?"]
[Date "2020.02.08"]
[Round "7.2"]
[White "Seebacher, Michael"]
[Black "Christanell, Anton"]
[Result "1-0"]
[WhiteElo "1978"]
[BlackElo "1488"]
[PlyCount "88"]
[EventDate "2020.02.08"]

1. e4 d6 2. d4 g6 3. Nc3 Bg7 4. Be3 Nf6 5. f3 O-O 6. Qd2 e5 7. Nge2 Nc6 8.
O-O-O exd4 9. Nxd4 Nxd4 10. Bxd4 Be6 11. Be3 a6 12. Bh6 Kh8 13. h4 Bxh6 14.
Qxh6 Ng8 15. Qe3 h5 16. e5 Qe7 17. exd6 cxd6 18. Qd4+ Qf6 19. Qxf6+ Nxf6 20.
Rxd6 Rfd8 21. Rxd8+ Rxd8 22. Bd3 Rd4 23. Ne2 Rb4 24. a3 Rb6 25. Nf4 Kg7 26. Re1
Rd6 27. Bxg6 fxg6 28. Nxe6+ Kf7 29. Ng5+ Kf8 30. Re6 Rxe6 31. Nxe6+ Ke7 32. Nc5
Nd5 33. Kd2 b6 34. Nxa6 Ke6 35. g3 Ke5 36. Nb4 Ne7 37. Nd3+ Kd4 38. Nf4 Nf5 39.
Ne2+ Kc4 40. b3+ Kc5 41. Kd3 Kd5 42. c4+ Ke5 43. b4 Kf6 44. Ke4 Ke6 1-0

[Event "51smm A Klausen Naturns2"]
[Site "?"]
[Date "2020.02.08"]
[Round "7.3"]
[White "Illmer, Markus"]
[Black "Seebacher, Reinhard"]
[Result "1-0"]
[WhiteElo "1557"]
[BlackElo "1909"]
[PlyCount "97"]
[EventDate "2020.02.08"]

1. d4 Nf6 2. Nf3 d5 3. Bg5 Ne4 4. Bh4 c6 5. Nbd2 Qb6 6. Rb1 Bf5 7. e3 e6 8.
Nxe4 Bxe4 9. Bd3 Bxd3 10. Qxd3 Qa5+ 11. Nd2 Qxa2 12. O-O Qa6 13. Qb3 Nd7 14.
Ra1 Qb6 15. Qa4 Qc7 16. c3 Bd6 17. f4 O-O 18. Qd1 f5 19. Rf3 Nf6 20. Rg3 Ne4
21. Nxe4 dxe4 22. Bg5 Rf7 23. Qh5 a6 24. Rh3 g6 25. Qd1 Re8 26. g4 Be7 27. Bh6
Rd8 28. Qe2 c5 29. gxf5 exf5 30. Rg3 cxd4 31. cxd4 Kh8 32. Rg2 Rc8 33. Rd1 Qc4
34. Qe1 Qb3 35. Re2 Bb4 36. Rc1 Rfc7 37. Rxc7 Rxc7 38. Qf2 Qd1+ 39. Kg2 Kg8 40.
Bg5 Rc1 41. Bh4 Kf7 42. d5 Qh1+ 43. Kh3 Rf1 44. Qg2 Rf3+ 45. Bg3 Qd1 46. Rc2
Rxe3 47. Qf2 Rd3 48. Rc7+ Kf6 49. Qb6+ 1-0

[Event "51smm A Klausen Naturns2"]
[Site "?"]
[Date "2020.02.08"]
[Round "7.4"]
[White "Schrott, Johann"]
[Black "Wielander, Wolfgang"]
[Result "1-0"]
[WhiteElo "1812"]
[BlackElo "1492"]
[PlyCount "58"]
[EventDate "2020.02.08"]

1. e4 c5 2. Nf3 d6 3. d4 cxd4 4. Nxd4 Nf6 5. Nc3 a6 6. a4 e6 7. Be3 b6 8. Bd3
Bb7 9. O-O Nbd7 10. Nb3 Nc5 11. f3 Be7 12. Qe2 O-O 13. Kh1 Nfd7 14. Nxc5 Nxc5
15. Bd4 Bf6 16. Bxf6 Qxf6 17. Bc4 Rfe8 18. Ba2 Rad8 19. Rfe1 Kf8 20. Qc4 Qe7
21. b4 Nd7 22. Ne2 Rc8 23. Qd3 Rc7 24. Bb3 g6 25. Qd4 Kg8 26. Red1 d5 27. exd5
exd5 28. Rd2 Nf6 29. Nf4 Qd8 1-0

[Event "51smm A Klausen Naturns2"]
[Site "?"]
[Date "2020.02.08"]
[Round "7.5"]
[White "Nischler, Hermann"]
[Black "Schrott, Ernst"]
[Result "0-1"]
[WhiteElo "1344"]
[BlackElo "1867"]
[PlyCount "104"]
[EventDate "2020.02.08"]

1. e4 c5 2. Nf3 Nf6 3. Nc3 Nc6 4. d4 cxd4 5. Nxd4 d6 6. Be2 g6 7. O-O Bg7 8.
Be3 O-O 9. Rb1 Bd7 10. h3 a6 11. a3 Rc8 12. Bf3 Ne5 13. Nb3 b5 14. Be2 Nc4 15.
Bxc4 Rxc4 16. Nd2 Rc8 17. Ne2 Bc6 18. Ng3 Bb7 19. c3 e5 20. Bg5 h6 21. Bxf6
Qxf6 22. Qf3 Qe6 23. Qe3 f5 24. f4 exf4 25. Rxf4 d5 26. Re1 dxe4 27. Ne2 g5 28.
Rff1 f4 29. Qa7 Qd5 30. Rd1 Ra8 31. Qb6 Qc6 32. Qxc6 Bxc6 33. Nb3 Rad8 34. Ned4
Bd5 35. Nc5 e3 36. Rfe1 Bxd4 37. Rxd4 Bc4 38. Red1 Rxd4 39. cxd4 a5 40. b3 Bd5
41. b4 a4 42. Nd7 Rd8 43. Nf6+ Kf7 44. Ng4 h5 45. Ne5+ Kf6 46. Nd3 Bb3 47. Re1
Rxd4 48. Nc5 Kf5 49. Rc1 g4 50. hxg4+ hxg4 51. Re1 g3 52. Rc1 e2 0-1

[Event "51smm A Klausen Naturns2"]
[Site "?"]
[Date "2020.02.08"]
[Round "7.6"]
[White "Haller, Quentin"]
[Black "Tappeiner, Manfred"]
[Result "1-0"]
[WhiteElo "1797"]
[BlackElo "1202"]
[PlyCount "65"]
[EventDate "2020.02.08"]

1. d4 d5 2. Bf4 Bf5 3. e3 e6 4. Nf3 Bd6 5. Bg3 Bxg3 6. hxg3 Bg4 7. Nbd2 Ne7 8.
Be2 Bxf3 9. Nxf3 Ng6 10. Bd3 Nf8 11. c4 h6 12. Ne5 Nc6 13. Qa4 Nd7 14. Nxc6
bxc6 15. Qxc6 Rb8 16. cxd5 Rb6 17. Qc3 exd5 18. Rc1 Nb8 19. Qxc7 O-O 20. Qxd8
Rxd8 21. b3 Nc6 22. O-O Nb4 23. Bb1 g5 24. a3 Nc6 25. b4 Ne7 26. Rc7 Kf8 27.
Rxa7 h5 28. Rc1 Rdd6 29. Rcc7 Rdc6 30. Rxe7 Rc1+ 31. Kh2 Rf6 32. Ba2 Rxf2 33.
Bxd5 1-0

[Event "51smm A Klausen-Naturns2"]
[Site "?"]
[Date "2020.02.08"]
[Round "7.1"]
[White "Gurschler, Markus"]
[Black "Schacher, Gerd"]
[Result "0-1"]
[WhiteElo "1591"]
[BlackElo "2278"]
[PlyCount "78"]
[EventDate "2020.02.08"]

1. d4 g6 2. Bf4 Bg7 3. e3 d6 4. Nf3 Nd7 5. c3 e5 6. dxe5 dxe5 7. Bg5 f6 8. Bh4
Nh6 9. e4 Nf7 10. Nfd2 Nc5 11. f3 Be6 12. Bf2 Nd3+ 13. Bxd3 Qxd3 14. Nb3 Qxd1+
15. Kxd1 b6 16. N1d2 a5 17. Ke2 Nd6 18. Rhd1 O-O-O 19. Nc1 Nc4 20. Nxc4 Bxc4+
21. Nd3 a4 22. Rd2 Rd6 23. Be3 Rhd8 24. Rad1 Bxa2 25. Ke1 Bb3 26. Ke2 Bxd1+ 27.
Rxd1 Bf8 28. Rd2 Kb7 29. Nf2 Rxd2+ 30. Bxd2 Kc6 31. Ng4 Be7 32. Ne3 Bc5 33. Nd5
Rxd5 34. exd5+ Kxd5 35. Kd3 b5 36. Bh6 f5 37. Bg7 e4+ 38. Kc2 Kc4 39. Be5 Bd6
0-1

[Event "51smm A Richter/Lask-Naturns"]
[Site "?"]
[Date "2020.02.08"]
[Round "7.1"]
[White "La Manna, Andrea"]
[Black "De Eccher, Stefano"]
[Result "1-0"]
[WhiteElo "2156"]
[BlackElo "2178"]
[PlyCount "91"]
[EventDate "2020.02.08"]

1. d4 d5 2. c4 c6 3. Nc3 Nf6 4. cxd5 cxd5 5. Bf4 Nc6 6. e3 Bf5 7. Nf3 a6 8. Rc1
Rc8 9. Be2 e6 10. O-O Bd6 11. Bxd6 Qxd6 12. Na4 Nd7 13. Qb3 Rc7 14. Nc5 Nxc5
15. Rxc5 Bg4 16. Rfc1 O-O 17. Qb6 Bxf3 18. Bxf3 Rd7 19. Qb3 g6 20. Be2 Ne7 21.
a3 Kg7 22. Qc3 Rfd8 23. b4 Nf5 24. a4 Qe7 25. b5 Nd6 26. f3 axb5 27. Bxb5 Nxb5
28. axb5 Ra8 29. b6 Ra2 30. Qb3 Ra6 31. Rc7 Qd6 32. Qb5 Rd8 33. Rxb7 Qa3 34.
Re1 Qc3 35. Re2 Ra1+ 36. Kf2 Qc1 37. Qb2 Qf1+ 38. Kg3 Rb1 39. Qc2 Rc1 40. Qd2
Rd1 41. Rf2 Qg1 42. Qb4 h5 43. Qe7 Rf8 44. Ra2 Qxe3 45. Ra8 Kh7 46. Qxf7+ 1-0

[Event "51smm A Richter/Lask-Naturns"]
[Site "?"]
[Date "2020.02.08"]
[Round "7.3"]
[White "Unterthurner, Hans"]
[Black "Bevilacqua, Maurizio"]
[Result "0-1"]
[WhiteElo "1923"]
[BlackElo "2048"]
[PlyCount "76"]
[EventDate "2020.02.08"]

1. e4 e6 2. d4 d5 3. Nc3 Bb4 4. e5 c5 5. a3 Ba5 6. b4 cxb4 7. Nb5 Bc7 8. axb4
Nc6 9. c3 Nge7 10. Bd3 O-O 11. Nf3 f6 12. exf6 gxf6 13. O-O Bb8 14. Nh4 Rf7 15.
Qh5 e5 16. Re1 Rg7 17. Nf5 Nxf5 18. Bxf5 Ne7 19. Bxc8 Qxc8 20. dxe5 fxe5 21.
Bg5 Ng6 22. Qe2 Qc6 23. h4 a6 24. Bh6 Rf7 25. h5 Ne7 26. Bg5 Nf5 27. Qd3 e4 28.
Qe2 Be5 29. Red1 Raf8 30. Nd4 Nxd4 31. cxd4 Bb8 32. Qg4 Kh8 33. Rac1 Qd6 34.
Bh4 Qh2+ 35. Kf1 Rf4 36. Bg3 Qh1+ 37. Ke2 Qxd1+ 38. Kxd1 Rxg4 0-1